Estructura y organización / (Record no. 22647)
[ view plain ]
| 000 -CABECERA | |
|---|---|
| campo de control de longitud fija | 00700nam a2200205 a 4500 |
| 005 - FECHA Y HORA DE LA ÚLTIMA TRANSACCIÓN | |
| campo de control | 20210223121723.0 |
| 008 - ELEMENTOS DE LONGITUD FIJA--INFORMACIÓN GENERAL | |
| campo de control de longitud fija | 991125s1980 mx 000 0 spa u |
| 035 ## - NÚMERO DE CONTROL DEL SISTEMA | |
| Número de control de sistema | UPN01000022647 |
| 049 ## - COLECCIÓN | |
| Colección | SEP |
| 050 #4 - SIGNATURA TOPOGRÁFICA DE LA BIBLIOTECA DEL CONGRESO | |
| Número de clasificación | LA427.5 |
| Número de documento/Ítem | B4.4 |
| 111 2# - ASIENTO PRINCIPAL--NOMBRE DE REUNION | |
| Nombre de congreso/reunión o jurisdicción como elemento de entrada | Seminario Nacional sobre Planeación y Administración de la Educación Superior |
| Fecha del congreso/reunión | (1980 : |
| Sede del congreso/Lugar de la reunión | Aguascalientes) |
| 9 (RLIN) | 29996 |
| 245 10 - MENCIÓN DE TÍTULO | |
| Título | Estructura y organización / |
| Mención de responsabilidad, etc. | Víctor M. Bendimez Serrano. |
| 260 ## - PUBLICACIÓN, DISTRIBUCIÓN, ETC. | |
| Lugar de publicación, distribución, etc. | [Aguascalientes] : |
| Nombre del editor, distribuidor, etc. | ANUIES : |
| -- | SEP, |
| Fecha de publicación, distribución, etc. | 1980. |
| 300 ## - DESCRIPCIÓN FÍSICA | |
| Extensión | 40 h. |
| 500 ## - NOTA GENERAL | |
| Nota general | "Plan Nacional de Educación Superior" |
| 500 ## - NOTA GENERAL | |
| Nota general | "Universidad Autónoma de Aguascalientes" |
| 500 ## - NOTA GENERAL | |
| Nota general | Fotocopia |
| 650 #4 - ASIENTO SECUNDARIO DE MATERIA - TERMINO TEMATICO | |
| Término de materia o nombre geográfico como elemento de entrada | ORGANIZACION |
| 9 (RLIN) | 14933 |
| 905 ## - TIPO DE MATERIAL | |
| Tipo de material | Libro |
| Estado de retiro | Estado de pérdida | Fuente del sistema de clasificación o colocación | Estado dañado | No para préstamo | Código de colección | Localización permanente | Ubicación/localización actual | Ubicación en estantería | Fecha de adquisición | Clasificación | Código de barras | Fecha visto por última vez | Número de copia | Tipo de ítem Koha |
|---|---|---|---|---|---|---|---|---|---|---|---|---|---|---|
| Library of Congress Classification | Coleccion SEP | Colección SEP | Bib. Gregorio Torres Quintero | Bib. Gregorio Torres Quintero | Colección SEP | 09/05/2023 | LA427.5 B4.4 | 43556 | 31/12/2020 | 1 | Libro |
